[Event "Mittelfranken Landesliga Sued 2223"]
[Site "Mittelfranken"]
[Date "2023.04.23"]
[Round "9.1"]
[White "Riediger, Martin"]
[Black "Demel, Paul"]
[Result "1/2-1/2"]
[WhiteElo "2158"]
[BlackElo "2095"]
[PlyCount "23"]
[EventDate "2022.10.09"]
[EventType "team-tourn"]
[EventRounds "9"]
[EventCountry "GER"]
[SourceTitle "EXT 2024"]
[Source "ChessBase"]
[SourceDate "2023.10.10"]
[SourceVersion "1"]
[SourceVersionDate "2023.10.10"]
[SourceQuality "1"]
[WhiteTeam "Rottal Inn"]
[BlackTeam "Kriegshaber"]
[WhiteTeamCountry "GER"]
[BlackTeamCountry "GER"]

1. d4 d5 2. c4 e6 3. Nc3 Nf6 4. Bg5 dxc4 5. e3 c5 6. Bxc4 a6 7. dxc5 Qa5 8. Qa4+ Nc6 9. Nf3 Bxc5 10. 0-0 b5 11. Qxa5 Nxa5 12. Be2 1/2-1/2

[Event "Mittelfranken Landesliga Sued 2122"]
[Site "Mittelfranken"]
[Date "2022.05.08"]
[Round "8.7"]
[White "Lackinger, Juergen"]
[Black "Demel, Paul"]
[Result "0-1"]
[WhiteElo "1752"]
[BlackElo "2125"]
[PlyCount "62"]
[EventDate "2021.10.24"]
[EventType "team-tourn"]
[EventRounds "9"]
[EventCountry "GER"]
[SourceTitle "EXT 2024"]
[Source "ChessBase"]
[SourceDate "2023.10.10"]
[SourceVersion "1"]
[SourceVersionDate "2023.10.10"]
[SourceQuality "1"]
[WhiteTeam "Muenchen Zugzwang II"]
[BlackTeam "Kriegshaber"]
[WhiteTeamCountry "GER"]
[BlackTeamCountry "GER"]

1. c4 e6 2. g3 d5 3. e3 Nf6 4. Bg2 dxc4 5. Qa4+ Nbd7 6. Ne2 a6 7. 0-0 b5 8. Qc2 Nd5 9. a3 Nc5 10. Nbc3 Bb7 11. Ne4 Nb3 12. Rb1 c5 13. d3 cxd3 14. Qxb3 dxe2 15. Re1 Qb6 16. Rxe2 Be7 17. Qc2 0-0 18. b3 Rac8 19. Bb2 c4 20. Bd4 Qa5 21. b4 Qxa3 22. Nc5 Nxb4 23. Qd2 Bxc5 24. Bxb7 Rcd8 25. Bxc5 Rxd2 26. Rxd2 a5 27. Rbd1 g5 28. Bxf8 Kxf8 29. Rd8+ Kg7 30. R1d6 c3 31. Rc8 c2 0-1

[Event "Mittelfranken Landesliga Sued 2122"]
[Site "Mittelfranken"]
[Date "2021.11.14"]
[Round "2.5"]
[White "Demel, Paul"]
[Black "Kindtner, Ulrich"]
[Result "1-0"]
[WhiteElo "2125"]
[BlackElo "2196"]
[PlyCount "81"]
[EventDate "2021.10.24"]
[EventType "team-tourn"]
[EventRounds "9"]
[EventCountry "GER"]
[SourceTitle "EXT 2024"]
[Source "ChessBase"]
[SourceDate "2023.10.10"]
[SourceVersion "1"]
[SourceVersionDate "2023.10.10"]
[SourceQuality "1"]
[WhiteTeam "Kriegshaber"]
[BlackTeam "Muenchen SC II"]
[WhiteTeamCountry "GER"]
[BlackTeamCountry "GER"]

1. e4 c5 2. Nf3 d6 3. Bb5+ Nd7 4. c3 Ngf6 5. Qe2 a6 6. Ba4 b5 7. Bc2 e5 8. 0-0 Be7 9. d4 0-0 10. Rd1 Qc7 11. a4 Bb7 12. dxe5 Nxe5 13. Nxe5 dxe5 14. axb5 axb5 15. Rxa8 Rxa8 16. Qxb5 Ba6 17. Qb3 c4 18. Qa2 Bb7 19. Na3 Bxa3 20. bxa3 Bxe4 21. Bg5 Bxc2 22. Qxc2 Rxa3 23. Bxf6 gxf6 24. Qf5 Rxc3 25. h3 Kg7 26. Rd7 Qc6 27. Qg4+ Kf8 28. Rd8+ Ke7 29. Qg8 Rd3 30. Qf8+ Ke6 31. Re8+ Kd5 32. Rc8 Qb6 33. Qxf7+ Ke4 34. Rxc4+ Rd4 35. Qxh7+ Kd5 36. Qf7+ Ke4 37. Rc1 Rd2 38. Qh7+ Kd5 39. Qd7+ Qd6 40. Qb7+ Kd4 41. Qb3 1-0

[Event "Landesliga Sued 1920"]
[Site "Bayern"]
[Date "2020.03.01"]
[Round "7.7"]
[White "Demel, Paul"]
[Black "Kempter, Klaus"]
[Result "1-0"]
[WhiteElo "2077"]
[BlackElo "1948"]
[PlyCount "63"]
[EventDate "2019.09.29"]
[EventType "team-tourn"]
[EventRounds "9"]
[EventCountry "GER"]
[SourceTitle "EXT 2021"]
[Source "ChessBase"]
[SourceDate "2020.10.23"]
[SourceVersion "1"]
[SourceVersionDate "2020.10.23"]
[SourceQuality "1"]
[WhiteTeam "Kriegshaber"]
[BlackTeam "Freising"]
[WhiteTeamCountry "GER"]
[BlackTeamCountry "GER"]

1. e4 c6 2. Nc3 d5 3. Nf3 dxe4 4. Nxe4 Nf6 5. Qe2 Nxe4 6. Qxe4 Nd7 7. Bc4 Nf6 8. Qe2 Bf5 9. d4 e6 10. 0-0 Be7 11. c3 0-0 12. Bf4 b5 13. Bb3 a5 14. a4 b4 15. c4 Re8 16. Rad1 Qb6 17. c5 Qb7 18. Nd2 Red8 19. Nc4 Qa6 20. Bc7 Rd7 21. Bxa5 Rb7 22. Bb6 Be4 23. a5 Bd5 24. Qc2 Nd7 25. Rfe1 Bf6 26. Nd6 Rbb8 27. Bxd5 exd5 28. Qb3 Nxb6 29. axb6 Qa4 30. Qxa4 Rxa4 31. b7 Ra7 32. Nc8 1-0

[Event "Landesliga Sued 1920"]
[Site "Bayern"]
[Date "2020.01.19"]
[Round "5.7"]
[White "Demel, Paul"]
[Black "Schneider, Roland"]
[Result "1-0"]
[WhiteElo "2077"]
[BlackElo "2070"]
[PlyCount "71"]
[EventDate "2019.09.29"]
[EventType "team-tourn"]
[EventRounds "9"]
[EventCountry "GER"]
[SourceTitle "EXT 2021"]
[Source "ChessBase"]
[SourceDate "2020.10.23"]
[SourceVersion "1"]
[SourceVersionDate "2020.10.23"]
[SourceQuality "1"]
[WhiteTeam "Kriegshaber"]
[BlackTeam "Passau II"]
[WhiteTeamCountry "GER"]
[BlackTeamCountry "GER"]

1. e4 c5 2. Nf3 d6 3. Bb5+ Nd7 4. c3 Ngf6 5. Qe2 g6 6. d4 cxd4 7. cxd4 Bg7 8. 0-0 0-0 9. Rd1 a6 10. Bc4 Nb6 11. Bb3 Bg4 12. h3 Bxf3 13. Qxf3 d5 14. e5 Ne4 15. Nd2 Ng5 16. Qg4 Ne6 17. Nf1 Rc8 18. f4 Nc4 19. f5 Nc7 20. Ne3 b5 21. Bc2 Ne8 22. Bd3 Rc6 23. Nc2 Qb6 24. Kh1 Qb7 25. h4 h5 26. Qf3 Nb6 27. g4 hxg4 28. Qxg4 Qc8 29. Ne3 Nc7 30. e6 fxe6 31. fxg6 e5 32. Nf5 Qe6 33. Qh5 Rxf5 34. Bxf5 Qf6 35. Rf1 Ne6 36. Bxe6+ 1-0

[Event "Landesliga Sued 1819"]
[Site "Bayern"]
[Date "2018.10.21"]
[Round "1.8"]
[White "Demel, Paul"]
[Black "Klenk, Robert"]
[Result "1-0"]
[WhiteElo "2045"]
[BlackElo "2000"]
[PlyCount "85"]
[EventDate "2018.10.21"]
[EventType "team-tourn"]
[EventRounds "9"]
[EventCountry "GER"]
[SourceTitle "EXT 2022"]
[Source "ChessBase"]
[SourceDate "2021.10.06"]
[SourceVersion "1"]
[SourceVersionDate "2021.10.06"]
[SourceQuality "1"]
[WhiteTeam "Kriegshaber SK"]
[BlackTeam "Muenchen Tarrasch"]
[WhiteTeamCountry "GER"]
[BlackTeamCountry "GER"]

1. Nf3 d5 2. d4 Nf6 3. c4 e6 4. Nc3 Be7 5. Bg5 0-0 6. e3 h6 7. Bh4 Ne4 8. Bxe7 Qxe7 9. Rc1 c6 10. Bd3 Nxc3 11. Rxc3 dxc4 12. Bxc4 Nd7 13. 0-0 b6 14. Qe2 Bb7 15. Rfc1 Rfc8 16. h3 c5 17. Ba6 Bxa6 18. Qxa6 Rd8 19. Qa3 Qf6 20. b4 cxd4 21. Nxd4 a5 22. R1c2 axb4 23. Qxb4 Nc5 24. Nc6 Rd1+ 25. Kh2 Re8 26. f3 e5 27. Qb5 g5 28. Nb4 Red8 29. Qe2 e4 30. f4 Rb1 31. a3 Rdd1 32. Qg4 Kh7 33. Na2 Ne6 34. Nc1 gxf4 35. Qxd1 f3 36. gxf3 exf3 37. Qd3+ Kg7 38. Qe4 f2 39. Qg2+ Kh7 40. Qxf2 Qe5+ 41. Qg3 Qd5 42. h4 Nc5 43. Rg2 1-0

[Event "Landesliga Sued 1718"]
[Site "Bayern"]
[Date "2018.02.25"]
[Round "7.7"]
[White "Spiesberger, Gerhard"]
[Black "Demel, Paul"]
[Result "1/2-1/2"]
[WhiteElo "2049"]
[BlackElo "2041"]
[PlyCount "51"]
[EventDate "2017.10.22"]
[EventType "team-tourn"]
[EventRounds "9"]
[EventCountry "GER"]
[SourceTitle "EXT 2022"]
[Source "ChessBase"]
[SourceDate "2021.10.06"]
[SourceVersion "1"]
[SourceVersionDate "2021.10.06"]
[SourceQuality "1"]
[WhiteTeam "Rottal Inn"]
[BlackTeam "Kriegshaber SK"]
[WhiteTeamCountry "GER"]
[BlackTeamCountry "GER"]

1. e4 e5 2. Nc3 Nc6 3. g3 Nf6 4. Bg2 Bc5 5. Nge2 a6 6. 0-0 d6 7. d3 h6 8. Be3 Bxe3 9. fxe3 0-0 10. h3 Nh7 11. Nd5 Ne7 12. Nxe7+ Qxe7 13. Kh2 Be6 14. Ng1 c6 15. Qe2 Rad8 16. Rf2 Qc7 17. c4 d5 18. b3 dxe4 19. Bxe4 f5 20. Bg2 Nf6 21. Raf1 Qd6 22. e4 fxe4 23. Bxe4 Nxe4 24. Rxf8+ Rxf8 25. Rxf8+ Qxf8 26. dxe4 1/2-1/2

[Event "Landesliga Sued 1718"]
[Site "Bayern"]
[Date "2017.11.12"]
[Round "2.7"]
[White "Schindler, Sven"]
[Black "Demel, Paul"]
[Result "1-0"]
[WhiteElo "2156"]
[BlackElo "2041"]
[PlyCount "73"]
[EventDate "2017.10.22"]
[EventType "team-tourn"]
[EventRounds "9"]
[EventCountry "GER"]
[SourceTitle "EXT 2022"]
[Source "ChessBase"]
[SourceDate "2021.10.06"]
[SourceVersion "1"]
[SourceVersionDate "2021.10.06"]
[SourceQuality "1"]
[WhiteTeam "Garching II"]
[BlackTeam "Kriegshaber SK"]
[WhiteTeamCountry "GER"]
[BlackTeamCountry "GER"]

1. c4 Nf6 2. Nc3 e5 3. g3 Bb4 4. Bg2 0-0 5. e4 Nc6 6. Nge2 Re8 7. 0-0 Nd4 8. d3 c6 9. a3 Bf8 10. Be3 c5 11. h3 d6 12. f4 Rb8 13. b4 b6 14. Rb1 Nd7 15. g4 Bb7 16. Qd2 Ba8 17. f5 b5 18. bxc5 bxc4 19. cxd6 Nb3 20. Qd1 cxd3 21. Qxd3 Ndc5 22. Qc4 Qxd6 23. Rfd1 Qc6 24. Nd5 Rec8 25. f6 Qe6 26. fxg7 Kxg7 27. Ng3 Nd7 28. Qf1 Bc5 29. Nf5+ Kh8 30. Qf2 Bxa3 31. Bxa7 Bc5 32. Bxc5 Nbxc5 33. Qe3 Rxb1 34. Rxb1 Nxe4 35. Nde7 Rc3 36. Qa7 Bc6 37. Rb8+ 1-0

[Event "Landesliga Sued 1718"]
[Site "Bayern"]
[Date "2017.10.22"]
[Round "1.8"]
[White "Lipinsky, Markus"]
[Black "Demel, Paul"]
[Result "0-1"]
[WhiteElo "1974"]
[BlackElo "2041"]
[PlyCount "70"]
[EventDate "2017.10.22"]
[EventType "team-tourn"]
[EventRounds "9"]
[EventCountry "GER"]
[SourceTitle "EXT 2022"]
[Source "ChessBase"]
[SourceDate "2021.10.06"]
[SourceVersion "1"]
[SourceVersionDate "2021.10.06"]
[SourceQuality "1"]
[WhiteTeam "Muenchen Tarrasch"]
[BlackTeam "Kriegshaber SK"]
[WhiteTeamCountry "GER"]
[BlackTeamCountry "GER"]

1. d4 Nf6 2. c4 e6 3. Nf3 d5 4. Nc3 c6 5. e3 Nbd7 6. Bd3 dxc4 7. Bxc4 b5 8. Bd3 Bd6 9. e4 e5 10. d5 cxd5 11. Nxb5 Bb4+ 12. Bd2 Bxd2+ 13. Qxd2 0-0 14. Nc3 Bb7 15. Qe2 Nc5 16. 0-0-0 d4 17. Bc4 Qb8 18. Nd5 Nxd5 19. exd5 Re8 20. Rhe1 Qd6 21. Rxd4 Rac8 22. Kb1 Qg6+ 23. Ka1 Qxg2 24. Nh4 Qh3 25. Nf3 e4 26. Ng5 Qf5 27. Rg1 h6 28. Nxf7 Kxf7 29. d6+ Kf8 30. Bb5 Red8 31. f3 Ne6 32. Qg2 Qxb5 33. fxe4 Qe5 34. Qf3+ Kg8 35. Rd2 Rxd6 0-1

[Event "Landesliga Sued 1516"]
[Site "Bayern"]
[Date "2016.01.17"]
[Round "5.3"]
[White "Demel, Paul"]
[Black "Krstic, Petar"]
[Result "1/2-1/2"]
[WhiteElo "2137"]
[BlackElo "2334"]
[PlyCount "32"]
[EventDate "2015.10.11"]
[EventType "team-tourn"]
[EventRounds "9"]
[EventCountry "GER"]
[SourceTitle "EXT 2018"]
[Source "ChessBase"]
[SourceDate "2017.10.13"]
[SourceVersion "1"]
[SourceVersionDate "2017.10.13"]
[SourceQuality "1"]
[WhiteTeam "Kriegshaber"]
[BlackTeam "Deggendorf"]
[WhiteTeamCountry "GER"]
[BlackTeamCountry "GER"]

1. Nf3 d5 2. d4 Nf6 3. c4 c6 4. Qc2 g6 5. e3 Bf5 6. Qb3 Qb6 7. Nc3 Qxb3 8. axb3 Na6 9. Be2 Nb4 10. 0-0 Bg7 11. Bd2 0-0 12. Ra4 a5 13. Rfa1 Nc2 14. Rc1 Nb4 15. Rca1 Nc2 16. Rc1 Nb4 1/2-1/2

[Event "Landesliga Sued 1516"]
[Site "Bayern"]
[Date "2015.10.25"]
[Round "2.4"]
[White "Demel, Paul"]
[Black "Ruecker, Benjamin"]
[Result "0-1"]
[WhiteElo "2137"]
[BlackElo "2230"]
[PlyCount "74"]
[EventDate "2015.10.11"]
[EventType "team-tourn"]
[EventRounds "9"]
[EventCountry "GER"]
[SourceTitle "EXT 2018"]
[Source "ChessBase"]
[SourceDate "2017.10.13"]
[SourceVersion "1"]
[SourceVersionDate "2017.10.13"]
[SourceQuality "1"]
[WhiteTeam "Kriegshaber"]
[BlackTeam "Garching II"]
[WhiteTeamCountry "GER"]
[BlackTeamCountry "GER"]

1. Nf3 d5 2. g3 c6 3. Bg2 Bg4 4. 0-0 Nd7 5. d3 e6 6. c4 Ngf6 7. Nc3 Bxf3 8. Bxf3 Ne5 9. Bg2 dxc4 10. d4 Ned7 11. e4 Nb6 12. a4 a5 13. Be3 Bb4 14. Qe2 0-0 15. Rfd1 Re8 16. Bg5 h6 17. Be3 Rc8 18. h4 Qe7 19. d5 Nfd7 20. dxc6 bxc6 21. Rxd7 Nxd7 22. Qxc4 Bc5 23. Bf4 e5 24. Bd2 Bb4 25. Be3 Qe6 26. Qf1 Rcd8 27. Bh3 Qb3 28. Qc1 Bf8 29. Bg4 Nc5 30. Bd1 Qc4 31. Be2 Qe6 32. Qc2 Nb3 33. Re1 Nd4 34. Qc1 Rb8 35. Bd1 Rb4 36. Kg2 Reb8 37. Ne2 Qc4 0-1

[Event "Landesliga Sued 1516"]
[Site "Bayern"]
[Date "2015.10.11"]
[Round "1.4"]
[White "Demel, Paul"]
[Black "Boes, Christoph"]
[Result "1-0"]
[WhiteElo "2137"]
[BlackElo "1993"]
[PlyCount "105"]
[EventDate "2015.10.11"]
[EventType "team-tourn"]
[EventRounds "9"]
[EventCountry "GER"]
[SourceTitle "EXT 2018"]
[Source "ChessBase"]
[SourceDate "2017.10.13"]
[SourceVersion "1"]
[SourceVersionDate "2017.10.13"]
[SourceQuality "1"]
[WhiteTeam "Kriegshaber"]
[BlackTeam "Trostberg"]
[WhiteTeamCountry "GER"]
[BlackTeamCountry "GER"]

1. Nf3 g6 2. c4 Bg7 3. e4 d6 4. d4 Nf6 5. Nc3 0-0 6. Be2 e5 7. 0-0 Nc6 8. d5 Ne7 9. b4 Nh5 10. Re1 f5 11. Ng5 Nf4 12. Bxf4 exf4 13. Rc1 fxe4 14. Ncxe4 h6 15. Ne6 Bxe6 16. dxe6 Nc6 17. c5 d5 18. Nc3 d4 19. Nd5 Kh7 20. Bc4 Ne7 21. Qf3 Nxd5 22. Bxd5 Qe7 23. Bxb7 Rab8 24. a3 d3 25. Rcd1 Bc3 26. Rxd3 Bxe1 27. Rd7 Rfe8 28. Rxe7+ Rxe7 29. Qd5 Bc3 30. Bc6 Rf8 31. f3 Rf5 32. Qd8 Bf6 33. Qc8 Re5 34. Bd7 Bh4 35. g3 fxg3 36. hxg3 Bxg3 37. Kg2 Bh4 38. Qa6 h5 39. Qxa7 Re2+ 40. Kh3 Bf6 41. Qa6 Ra2 42. Qc4 Rxa3 43. Qf4 Kg7 44. Qxc7 Rxf3+ 45. Kg2 Re3 46. Qf4 Rc3 47. c6 h4 48. c7 g5 49. Qd6 h3+ 50. Kh1 Rc1+ 51. Kh2 g4 52. c8Q Rf1 53. Qg3 1-0

[Event "Oberliga Bayern 1415"]
[Site "Germany"]
[Date "2015.01.18"]
[Round "5.5"]
[White "Demel, Paul"]
[Black "Baeuml, Ulrich"]
[Result "1-0"]
[WhiteElo "2168"]
[BlackElo "2120"]
[PlyCount "103"]
[EventDate "2014.10.19"]
[EventType "team-tourn"]
[EventRounds "9"]
[EventCountry "GER"]
[SourceTitle "EXT 2016"]
[Source "ChessBase"]
[SourceDate "2015.10.08"]
[SourceVersion "1"]
[SourceVersionDate "2015.10.08"]
[SourceQuality "1"]
[WhiteTeam "Kriegshaber"]
[BlackTeam "Dillingen"]
[WhiteTeamCountry "GER"]
[BlackTeamCountry "GER"]

1. Nf3 c5 2. c4 Nc6 3. d4 cxd4 4. Nxd4 Nf6 5. Nc3 g6 6. g3 Bg7 7. Bg2 0-0 8. 0-0 Qb6 9. Nc2 d6 10. Rb1 Be6 11. b3 Qa5 12. Bd2 Qh5 13. Ne1 Ng4 14. h3 Nf6 15. Nd3 g5 16. e4 Qxd1 17. Nxd1 h6 18. Bc3 Nd7 19. Bxg7 Kxg7 20. Ne3 Nc5 21. Nc1 a5 22. Rd1 Rfc8 23. Ne2 a4 24. b4 Nd7 25. Nf5+ Bxf5 26. exf5 Nde5 27. Bd5 Nd8 28. f4 Nxc4 29. f6+ Kxf6 30. Nc3 gxf4 31. Bxc4 Rxc4 32. Nd5+ Kg7 33. Nb6 Rac8 34. Nxc8 Rxc8 35. gxf4 Rc2 36. b5 Ne6 37. Rf1 Rxa2 38. Ra1 Rxa1 39. Rxa1 Nc5 40. Kf2 Kf6 41. Ke3 Kf5 42. Rd1 f6 43. Rd5+ Ke6 44. Rd1 Kd7 45. f5 e6 46. Kf4 e5+ 47. Kg4 Kc7 48. Kh5 Nb3 49. Kg6 a3 50. Kxf6 a2 51. Ke7 Nd2 52. Ra1 1-0

[Event "Oberliga Bayern 1314"]
[Site "Bayern"]
[Date "2014.03.16"]
[Round "8.2"]
[White "Demel, Paul"]
[Black "Schmid, Roland1111"]
[Result "1-0"]
[WhiteElo "2178"]
[BlackElo "2254"]
[PlyCount "77"]
[EventDate "2013.10.13"]
[EventType "team-tourn"]
[EventRounds "9"]
[EventCountry "GER"]
[SourceTitle "EXT 2015"]
[Source "ChessBase"]
[SourceDate "2014.11.20"]
[SourceVersion "1"]
[SourceVersionDate "2014.11.20"]
[SourceQuality "1"]
[WhiteTeam "Kriegshaber"]
[BlackTeam "Neutraubling Wacker"]
[WhiteTeamCountry "GER"]
[BlackTeamCountry "GER"]

1. Nf3 Nf6 2. c4 c5 3. Nc3 e6 4. g3 b6 5. Bg2 Bb7 6. 0-0 Be7 7. d4 cxd4 8. Qxd4 d6 9. Rd1 a6 10. Bg5 Nbd7 11. Rac1 0-0 12. h3 Qc7 13. b3 Rfe8 14. Na4 Rab8 15. b4 Ba8 16. a3 Bf8 17. Nc3 Rbc8 18. Nd2 Bxg2 19. Kxg2 Qb7+ 20. Kh2 b5 21. Bxf6 Nxf6 22. e4 Red8 23. cxb5 axb5 24. Qd3 Rb8 25. Nb3 Qa7 26. Nd4 d5 27. Ncxb5 Rxb5 28. e5 Ne4 29. Qxb5 Qxa3 30. Qa5 Qxa5 31. bxa5 Nxf2 32. Rd2 Ne4 33. Rdc2 Ra8 34. Nc6 g6 35. Ra2 Bh6 36. Ne7+ Kf8 37. Rc8+ Rxc8 38. Nxc8 Be3 39. a6 1-0

[Event "Oberliga Bayern 1314"]
[Site "Bayern"]
[Date "2014.02.09"]
[Round "6.2"]
[White "Demel, Paul"]
[Black "Meier, Volker"]
[Result "0-1"]
[WhiteElo "2178"]
[BlackElo "2249"]
[PlyCount "72"]
[EventDate "2013.10.13"]
[EventType "team-tourn"]
[EventRounds "9"]
[EventCountry "GER"]
[SourceTitle "EXT 2015"]
[Source "ChessBase"]
[SourceDate "2014.11.20"]
[SourceVersion "1"]
[SourceVersionDate "2014.11.20"]
[SourceQuality "1"]
[WhiteTeam "Kriegshaber"]
[BlackTeam "Muenchen Tarrasch"]
[WhiteTeamCountry "GER"]
[BlackTeamCountry "GER"]

1. Nf3 c5 2. c4 Nc6 3. d4 cxd4 4. Nxd4 Nf6 5. Nc3 g6 6. e4 d6 7. Be2 Bg7 8. Be3 0-0 9. 0-0 Nxd4 10. Bxd4 b6 11. Qd2 Bb7 12. f3 Qd7 13. Rfd1 Rfd8 14. a4 e6 15. a5 Qc6 16. axb6 axb6 17. Rxa8 Bxa8 18. Qe3 Rb8 19. Nb5 e5 20. Bc3 Ne8 21. Bb4 Bf8 22. h4 Bb7 23. h5 Ba6 24. hxg6 hxg6 25. Rc1 Nc7 26. Na3 Ne6 27. Bc3 d5 28. Qd2 dxe4 29. b4 Rd8 30. Qe3 Bb7 31. Bxe5 Bxb4 32. Kh1 Bd2 33. Qf2 Bxc1 34. Qh4 Kf8 35. Nb5 Bg5 36. Qh7 Ke7 0-1

[Event "Oberliga Bayern 1213"]
[Site "Bayern"]
[Date "2012.11.25"]
[Round "3.2"]
[White "Nuber, Blasius"]
[Black "Demel, Paul"]
[Result "1-0"]
[WhiteElo "2349"]
[BlackElo "2159"]
[PlyCount "61"]
[EventDate "2012.10.14"]
[EventType "team-tourn"]
[EventRounds "9"]
[EventCountry "GER"]
[SourceTitle "EXT 2015"]
[Source "ChessBase"]
[SourceDate "2014.11.20"]
[SourceVersion "1"]
[SourceVersionDate "2014.11.20"]
[SourceQuality "1"]
[WhiteTeam "Dillingen"]
[BlackTeam "Kriegshaber"]
[WhiteTeamCountry "GER"]
[BlackTeamCountry "GER"]

1. e4 e5 2. Nf3 Nc6 3. d4 exd4 4. Nxd4 Nf6 5. Nc3 Bb4 6. Nxc6 bxc6 7. Bd3 d5 8. exd5 cxd5 9. 0-0 0-0 10. Qf3 c6 11. a3 Bd6 12. h3 Qe7 13. Bf4 Bxf4 14. Qxf4 c5 15. b4 Be6 16. Na4 cxb4 17. axb4 Nd7 18. Qd4 Rfc8 19. f4 Qh4 20. Kh2 g5 21. c3 Bxh3 22. gxh3 g4 23. Ra2 Nf6 24. Rg2 Qxh3+ 25. Kg1 Rc6 26. b5 Re6 27. Bf5 Re3 28. Qxf6 Rg3 29. Bxh7+ Kxh7 30. Qxf7+ Kh8 31. Qxd5 1-0

[Event "Pfalz op 03rd"]
[Site "Neustadt an der Weinstrasse"]
[Date "2012.03.03"]
[Round "8"]
[White "Demel, Paul"]
[Black "Commercon, Simon"]
[Result "0-1"]
[WhiteElo "2140"]
[BlackElo "2170"]
[PlyCount "88"]
[EventDate "2012.02.17"]
[EventType "swiss"]
[EventRounds "9"]
[EventCountry "GER"]
[SourceTitle "EXT 2013"]
[Source "ChessBase"]
[SourceDate "2012.11.22"]
[SourceVersion "1"]
[SourceVersionDate "2012.11.22"]
[SourceQuality "1"]

1. Nf3 d6 2. d4 f5 3. g3 g6 4. Bg2 Nf6 5. 0-0 Bg7 6. c4 0-0 7. Nc3 Nc6 8. d5 Na5 9. Qd3 c5 10. Bd2 Rb8 11. Rad1 a6 12. a4 Qb6 13. e3 Qb3 14. Rfe1 Qxc4 15. Qb1 Nb3 16. Bf1 Qb4 17. Qc2 Bd7 18. Ng5 Nxd2 19. Rxd2 b5 20. Ra1 bxa4 21. Nxa4 h6 22. Ne6 Bxe6 23. dxe6 Ne4 24. Rdd1 Qb3 25. Qxb3 Rxb3 26. Bxa6 Rb4 27. Bf1 Rfb8 28. f3 Ng5 29. Bg2 Nxe6 30. f4 Kf7 31. Bd5 Bxb2 32. Nxb2 Rxb2 33. Rac1 Re2 34. Rc3 Rbb2 35. h4 Kf6 36. Bf3 Rf2 37. e4 Nd4 38. e5+ Ke6 39. exd6 exd6 40. Re3+ Kf6 41. Bd5 Rfe2 42. Ra3 Rbd2 43. Rxd2 Rxd2 44. Ra6 Ne2+ 0-1

[Event "Pfalz op 03rd"]
[Site "Neustadt an der Weinstrasse"]
[Date "2012.02.20"]
[Round "2"]
[White "Demel, Paul"]
[Black "Schulze, Ulrich"]
[Result "0-1"]
[WhiteElo "2140"]
[BlackElo "2331"]
[PlyCount "66"]
[EventDate "2012.02.17"]
[EventType "swiss"]
[EventRounds "9"]
[EventCountry "GER"]
[SourceTitle "EXT 2013"]
[Source "ChessBase"]
[SourceDate "2012.11.22"]
[SourceVersion "1"]
[SourceVersionDate "2012.11.22"]
[SourceQuality "1"]

1. Nf3 Nf6 2. c4 c6 3. d4 d5 4. Nc3 dxc4 5. a4 Bf5 6. Nh4 Bc8 7. e3 e6 8. Bxc4 b6 9. Nf3 Ba6 10. Qe2 Bxc4 11. Qxc4 Be7 12. e4 0-0 13. 0-0 Qc8 14. b4 a5 15. Ba3 b5 16. Qb3 axb4 17. Bxb4 Bxb4 18. Qxb4 Na6 19. Qb3 b4 20. e5 Nd5 21. Ne4 Qd7 22. Rfc1 Rfc8 23. Rc4 h6 24. Nd6 Rc7 25. Nd2 c5 26. Nb5 Rcc8 27. Ne4 cxd4 28. Rxd4 Nc5 29. Nxc5 Rxc5 30. Rad1 Qc6 31. Qf3 Rxa4 32. Nd6 Ra7 33. h3 Nc3 0-1

[Event "Pfalz op 03rd"]
[Site "Neustadt an der Weinstrasse"]
[Date "2012.02.20"]
[Round "3"]
[White "Schreck, Alexander"]
[Black "Demel, Paul"]
[Result "0-1"]
[WhiteElo "1918"]
[BlackElo "2140"]
[PlyCount "78"]
[EventDate "2012.02.17"]
[EventType "swiss"]
[EventRounds "9"]
[EventCountry "GER"]
[SourceTitle "EXT 2013"]
[Source "ChessBase"]
[SourceDate "2012.11.22"]
[SourceVersion "1"]
[SourceVersionDate "2012.11.22"]
[SourceQuality "1"]

1. e4 e6 2. d4 d5 3. Nd2 Be7 4. Ngf3 Nf6 5. e5 Nfd7 6. Bd3 c5 7. c3 Nc6 8. 0-0 a5 9. a4 g5 10. h3 h5 11. Bb5 cxd4 12. cxd4 g4 13. hxg4 hxg4 14. Bxc6 bxc6 15. Nh2 f5 16. exf6 Bd6 17. g3 Nxf6 18. Nxg4 Ra7 19. Qf3 Nxg4 20. Qxg4 Qf6 21. Nf3 Rg7 22. Bg5 Qg6 23. Rfe1 Rh5 24. Rac1 Rxg5 25. Nxg5 Qxg5 26. Qxg5 Rxg5 27. Rxc6 Kd7 28. Rb6 Kc7 29. Rb5 Bd7 30. Rc1+ Bc6 31. Rxa5 Kb6 32. Ra6+ Kxa6 33. Rxc6+ Ka5 34. Rxd6 Kxa4 35. Rxe6 Rg4 36. Rh6 Rxd4 37. Rh4 Rxh4 38. gxh4 d4 39. Kf1 Kb3 0-1

[Event "Oberliga Bayern 1112"]
[Site "Bayern"]
[Date "2011.10.02"]
[Round "1.3"]
[White "Ager, Josef"]
[Black "Demel, Paul"]
[Result "1-0"]
[WhiteElo "2170"]
[BlackElo "2097"]
[PlyCount "103"]
[EventDate "2011.10.02"]
[EventType "team-tourn"]
[EventRounds "9"]
[EventCountry "GER"]
[SourceTitle "EXT 2013"]
[Source "ChessBase"]
[SourceDate "2012.11.22"]
[SourceVersion "1"]
[SourceVersionDate "2012.11.22"]
[SourceQuality "1"]
[WhiteTeam "Rottal"]
[BlackTeam "Kriegshaber"]
[WhiteTeamCountry "GER"]
[BlackTeamCountry "GER"]

1. Nf3 Nf6 2. c4 g6 3. Nc3 Bg7 4. e4 d6 5. d4 0-0 6. Be2 e5 7. 0-0 Nc6 8. d5 Ne7 9. Ne1 Nd7 10. Be3 f5 11. f3 f4 12. Bf2 g5 13. Rc1 Ng6 14. c5 Rf7 15. cxd6 cxd6 16. Nb5 Nf6 17. Qc2 Ne8 18. Nxa7 Bd7 19. Qb3 Bf8 20. Qb6 Qb8 21. Bb5 Bxb5 22. Rc8 Qxc8 23. Nxc8 Bxf1 24. Qd8 Bb5 25. Ne7+ Rxe7 26. Qxa8 Nf6 27. a4 Be2 28. Bb6 Kf7 29. b4 g4 30. Kf2 gxf3 31. gxf3 Bd1 32. b5 Ne8 33. Bd8 Rd7 34. Qc8 Rxd8 35. Qxd8 Bxa4 36. Qd7+ Be7 37. Qxb7 Kf8 38. Ke2 Bh4 39. Qa6 Bxe1 40. Kxe1 Bxb5 41. Qxb5 Ne7 42. Qd7 h6 43. Qe6 Ng8 44. Qg6 Nef6 45. Kd2 Ne8 46. Kc3 Nef6 47. Kb4 Ne8 48. Ka5 Nef6 49. Ka6 Ne8 50. Kb7 Nef6 51. Kc7 Ne8+ 52. Kd7 1-0